00722nam a2200205 a 4500001001000000003000900010005001700019008004100036020001500077040002500092082002300117100002700140245007200167260003600239300003600275504003100311650003800342651006600380651007000446000036072DO-SdBNP20250219074027.0100408s2006 dr c 000 0 spa d a9993479845 aDO-SdBNPbspacBNPHU 4a928.61bP438sp2221 aPérez, Isael,d1961-10aEscritores de la provincia San Pedro de Macorís /cIsael Pérez  aSanto Domingo :bBúho,c2006. a322 p. :bil., retrs. ;c23 cm. aBibliografía: p. 309-312 4aAutores dominicanosvBiografías 4aSan Pedro de Macorís (República Dominicana)vBiografías 4aSan Pedro de Macorís (República Dominicana)zVida intelectual